Like the flowing river : (Registro nro. 14540)

Detalles MARC
000 -LIDER
fixed length control field 00777nam a22002537a 4500
003 - IDENTIFICACDOR DE NÚMERO DE CONTROL
control field DO-SdBNP
005 - DATE AND TIME OF LATEST TRANSACTION
control field 20250611111035.0
008 - ELEMENTOS DE LONGITUD FIJA
fixed length control field 171024b 2005 00| 0 spa d
020 ## - ISBN
International Standard Book Number 9780007235810
040 ## - FUENTE DE CATALOGACIÓN
Agencia que crea de manera original el registro BPMSU
Idioma de catalogación spa
Agencia que realiza la transcripción BPMSU
082 #4 - NÚMERO DE CLASIFICACIÓN DECIMAL DE DEWEY
Classification number B869.3
Item number C672l 2005
Edition number 22
100 1# - ASIENTO PRINCIPAL -- NOMBRE PERSONAL
Nombre personal Coelho, Paulo
Fechas asociadas con el nombre 1947-
245 10 - MENCIÓN DE TITULO
Título Like the flowing river :
Subtítulo diario de un mago /
Mención de responsabilidad Paulo Coelho ; traducción Margaret Jull costa
260 ## - PUBLICACIÓN, DISTRIBUCIÓN, ETC. (PIE DE IMPRENTA)
Nombre del editor, distribuidor, etc. Harper,
Lugar de publicación, distribución, etc Barcelona, España :
Materiales especificados 2005
300 ## - DESCRIPCIÓN FÍSICA
Extensión 245 p. ;
Dimensiones 18 cm.
500 ## - NOTA GENERAL
Nota general
590 ## - NOTA LOCAL
Texto de la nota local Inventariado, 2024/VM
650 #4 - ENCABEZAMIENTO DE MATERIA--TEMÁTICO
Término temático o nombre geográfico como elemento de entrada Ensayos brasileños
Subdivisión temática general
650 #4 - ENCABEZAMIENTO DE MATERIA--TEMÁTICO
Término temático o nombre geográfico como elemento de entrada Filosofía de la vida
Subdivisión temática general Ensayos
650 #4 - ENCABEZAMIENTO DE MATERIA--TEMÁTICO
Término temático o nombre geográfico como elemento de entrada Espiritualidad
700 1# - ASIENTO SECUNDARIO -- NOMBRE PERSONAL
Nombre personal Frutos, Carlos Manzano de
Mención de responsabilidad tr.
910 ## - VALIDACIÓN
Validación VMateo V. Control de calidad BPMSU
942 ## - ADDED ENTRY ELEMENTS (KOHA)
Source of classification or shelving scheme Dewey Decimal Classification
Koha item type Libros
Existencias
Withdrawn status Lost status Source of classification or shelving scheme Damaged status Not for loan Collection code Home library Current library Date acquired Total Checkouts Full call number Barcode Date last seen Price effective from Koha item type
    Dewey Decimal Classification     Colección General Biblioteca Pública Metropolitana Salomé Ureña Biblioteca Pública Metropolitana Salomé Ureña 01/24/2024   BPMSU CG B869.3 C672l 2005 BPMSU24010040 01/24/2024 01/24/2024 Libros